Informe de la Comisión Interamericana de Derechos Humanos: 1984-1985
সংরক্ষণ করুন:
| সংস্থা লেখক: | , |
|---|---|
| বিন্যাস: | গ্রন্থ |
| ভাষা: | স্প্যানিশ |
| প্রকাশিত: |
Washington, D.C
Secretariado General OEA
1985
|
| বিষয়গুলি: | |
| ট্যাগগুলো: |
ট্যাগ যুক্ত করুন
কোনো ট্যাগ নেই, প্রথমজন হিসাবে ট্যাগ করুন!
|
MARC
| LEADER | 00000nam a2200000 a 4500 | ||
|---|---|---|---|
| 001 | UCR3241 | ||
| 003 | CL-VaPUC | ||
| 008 | 980124e19851001US |||||||||||||||||spa|d | ||
| 082 | 0 | 4 | |a 323.4 |b OEA |2 21 |
| 110 | 2 | |a OEA |e author |9 402153 | |
| 710 | 2 | |a Organización de Estados Americanos |e author |9 402154 | |
| 245 | 1 | 0 | |a Informe de la Comisión Interamericana de Derechos Humanos: 1984-1985 |
| 300 | |a 195 p | ||
| 942 | |c BK | ||
| 945 | |d 19980124 00:00:00 |a crobeson | ||
| 260 | |a Washington, D.C |b Secretariado General OEA |c 1985 | ||
| 600 | 0 | 7 | |a OEA |2 CL-VaPUC |9 402153 |
| 600 | 0 | 7 | |a COMISION INTERAMERICANA SOBRE DERECHOS HUMANOS |2 CL-VaPUC |9 259252 |
| 650 | 0 | |a Derechos humanos |9 223025 | |
| 583 | |a last modification |c 19980124 00:00:00 |k Rodrigo Vera | ||
| 999 | |c 266337 |d 266335 | ||
| 952 | |0 0 |1 0 |4 0 |6 323_400000000000000_OEA_1985 |7 0 |8 A |9 297801 |a BIBDER |b BIBDER |d 2019-11-20 |i 194150K |o 323.4 OEA 1985 |p 194150K |r 2023-01-25 |w 2019-11-20 |y BK |k DER | ||